| 000 | 00699nam a2200229 u 4500 | ||
|---|---|---|---|
| 005 | 20240228064304.0 | ||
| 008 | 170830s2007 r 000 0 eng d | ||
| 020 | _a9780888995865 (13 dígitos) | ||
| 020 | _a0888995865 (10 dígitos) | ||
| 035 | _aUPN01000220062 | ||
| 049 | _aI | ||
| 050 | 4 |
_aPZ78 _bA7.6 |
|
| 100 | 1 |
_aArgueta, Jorge _941682 |
|
| 245 | 1 | 0 |
_aAlfredito regresa volando a su casa / _cJorge Argueta ; il. Luis Garay. |
| 260 |
_aCanada : _bGroundwood Books, _c2007. |
||
| 300 |
_a[36] p. : _bil. col. |
||
| 440 | 3 | _aLibros tigrillo | |
| 650 | 4 |
_aLITERATURA INFANTIL SALVADOREÑA _920378 |
|
| 650 | 4 |
_aLibros y lectura para niños _92290 |
|
| 905 | _aLibro | ||
| 999 |
_c192161 _d192161 |
||